Rasplavlennoje sostojanije veščestva /
Saved in:
| Main Author: | |
|---|---|
| Format: | Book |
| Published: |
Moskva :
Metallurgija,
1982
|
| Tags: |
No Tags, Be the first to tag this record!
|
MARC
| LEADER | 00000nam a22000003a 4500 | ||
|---|---|---|---|
| 001 | stu19914 | ||
| 005 | 20150617225751.8 | ||
| 008 | ------s1982----xxr---------------------d | ||
| 040 | |a STU |b slo | ||
| 041 | 0 | ||
| 044 | |a xxr | ||
| 080 | |a 54-143 | ||
| 100 | 1 | |a Ubbelohde, A.R |4 aut | |
| 245 | 1 | |a Rasplavlennoje sostojanije veščestva / |c [aut.]Ubbelohde,A.R | |
| 260 | |a Moskva : |b Metallurgija, |c 1982 | ||
| 300 | |a 374 s : |b Tab.,grafy,lit.,index | ||
| 996 | |b C67038 |c C*67038 |l CCVI |s P |a 0 |w stu19914_0001 | ||
| 996 | |b C67103 |c C*67103 |l CCVIIIB |s P |a 0 |w stu19914_0002 | ||
| 996 | |b C78847 |c C*78847 |l CCIII |s P |a 0 |w stu19914_0003 | ||